Léim chuig an ábhar

Управление проектами: практикум Учебное пособие

В практикум по управлению проектами вошли игры задачи и кейсы позволяющие наиболее приближенно к реальности отработать практические навыки при решении типовых задач связанных с управлением проектами. Соответствует Федеральному государственному образовательному стандарту высшего образования последнег...

Cur síos iomlán

Sábháilte in:
Sonraí bibleagrafaíochta
Príomhchruthaitheoir: Тихомирова О.Г
Formáid: Учебное пособие
Eagrán:1
Sraith:Высшее образование
Rochtain ar líne:https://znanium.ru/catalog/document?id=454743
https://znanium.ru/cover/2168/2168859.jpg
Clibeanna: Cuir clib leis
Níl clibeanna ann, Bí ar an gcéad duine le clib a chur leis an taifead seo!
LEADER 02949nam0a2200325 i 4500
001 RU\infra-m\znanium\bibl\2168859
003 https://znanium.ru/catalog/document?id=454743
005 20241022000000.0
010 |a 978-5-16-018585-9 
010 |a 978-5-16-103954-0  |b электр. издание 
100 |a 20241022d2024 m y0rusy0150 ca 
101 0 |a rus 
102 |a RU 
200 1 |a Управление проектами: практикум  |e Учебное пособие  |f Национальный исследовательский университет ИТМО 
205 |a 1 
210 1 |a Москва  |c ООО "Научно-издательский центр ИНФРА-М"  |d 2025 
215 |a 273 с. 
225 1 |a Высшее образование 
330 |a В практикум по управлению проектами вошли игры задачи и кейсы позволяющие наиболее приближенно к реальности отработать практические навыки при решении типовых задач связанных с управлением проектами. Соответствует Федеральному государственному образовательному стандарту высшего образования последнего поколения. Будет полезен студентам обучающимся по направлению подготовки 38.03.02 «Менеджмент» (в частности по профилям «Управление проектами» «Производственный менеджмент») магистрантам обучающимся по направлениям подготовки в сфере естественнонаучных и экономико-управленческих дисциплин (38.04.02 «Менеджмент» 38.04.01 «Экономика» 27.04.05 «Инноватика») а также предпринимателям и управленцам. 
333 |a Профессиональное образование 
606 |a Управление (менеджмент)  |x Управление проектами  |2 local 
608 |a Учебное пособие  |2 local 
675 |a 338.984(075.8)  |z rus 
686 |a 65.290-2  |2 rubbk 
686 |a 38.03.02  |2 okso 
686 |a 38.04.02  |2 okso 
700 1 |a Тихомирова  |b О.Г.  |g Ольга Геннадьевна  |p Национальный исследовательский университет ИТМО 
801 0 |a RU  |b Общество с ограниченной ответственностью «ЗНАНИУМ»  |c 20240801  |2 rusmarc 
856 4 |a znanium.ru  |m ebs_support@infra-m.ru  |n НИЦ ИНФРА-М  |u https://znanium.ru/catalog/document?id=454743 
856 4 1 |a znanium.ru  |d /cover/2168  |f 2168859.jpg  |q image/jpeg  |u https://znanium.ru/cover/2168/2168859.jpg